Blasons des capitales européennes - Statistiques

Statistiques générales
  • Ce quiz a été pris 270 fois
  • Le résultat moyen est 14 sur 45
Statistiques - réponses
Par images Réponse % Correct
Rome
93%
Paris
92%
Londres
84%
Berlin
80%
Athènes
79%
Lisbonne
77%
Oslo
65%
Vienne
64%
Vatican
62%
Berne
54%
Copenhague
51%
Madrid
51%
Monaco
45%
Luxembourg
44%
Amsterdam
42%
Prague
38%
Chișinău
36%
Bucarest
33%
Moscou
32%
Stockholm
30%
Helsinki
26%
Bruxelles
20%
Saint-Marin
19%
Vaduz
19%
Vilnius
19%
Sofia
18%
Kiev
16%
Varsovie
16%
Budapest
13%
Tallinn
13%
Bratislava
12%
Andorre-la-Vieille
9%
Dublin
9%
Reykjavik
9%
Riga
9%
Belgrade
8%
Ljubljana
8%
Minsk
8%
Pristina
8%
Skopje
8%
Zagreb
8%
Sarajevo
7%
La Valette
6%
Podgorica
5%
Tirana
4%
Aucun quiz correspondant
Distribution des résultats
% des personnes avec chaque résultat
Percentile par nombre de réponses
Votre historique - résultats
Vous n’avez pas pris ce quiz